Ingeniería geotécnica : (Registro nro. 21748)

Detalles MARC
000 -Cabecera
Campo de control interno 00822nam a2200241Ia 4500
005 - Fecha y hora del registro
control field 20260320113309.0
008 - Elementos de Longitud Fija
fixed length control field 260320s9999||||xx |||||||||||||| ||und||
041 ## - Idioma
Codigo Idioma ESP
082 ## - DEWEY y NOTACIÓN INTERNA
Dewey 624.15136
Notación Interna A47
100 ## - AUTOR
Autor denominación Alva Hurtado, Jorge E.,
Término de relación autor
245 #0 - TÍTULO DE MATERIAL BIBLIOGRÁFICO
Título Ingeniería geotécnica :
Título paralelo trabajos de campo, laboratorio y estudios
246 ## - TÍTULO TRADUCIDO
Título
Título paralelo
Autor
260 ## - CIUDAD, EDITORIAL, AÑO
Ciudad Lima :
Nombre de la Editorial Universidad Nacional de Ingeniería,
Año [2020?]
300 ## - DESCRIPCIÓN
N° Páginas 223 páginas :
Otros detalles cuadros, tablas, gráficos ;
Dimensiones 30 cm.
Material Adicional
440 ## - MENCIÓN DE SERIE
Título de la Serie
Número de Serie
Volumen de Serie
650 ## - TEMAS
Temas Tecnología (Ciencias Aplicadas)
653 ## - DESCRIPTORES
Lenguajes no controlado Ingeniería geotecnia; Mesclas de concreto; Compactación de suelos
654 ## - PROGRAMAS
Programa Dpto. de Ingeniería Civil
700 ## - OTROS AUTORES
Otros autores
Títulos y otras palabras asociadas con el nombre
856 ## - URL - UBICACIÓN
URI/URL: Enlace exacto del recurso <a href="https://ebooks-editorialmacro-com.ucsp.lookproxy.com/library">https://ebooks-editorialmacro-com.ucsp.lookproxy.com/library</a>
Nota pública: Versión digital <a href="Véase además: Base de datos Macro Digital">Véase además: Base de datos Macro Digital</a>
942 ## - ELEMENTOS DE KOHA
Tipo de documento Libro
Nombre del creador Justo Noguera
Código de catalogador Margarita Torres
Esquema de clasificación Dewey Decimal Classification
Suppress in OPAC
Existencias
Codigo completo Registro Colección Copia número Disponibilidad Tipo de préstamo Biblioteca Actual Procedencia (Biblioteca) Ubicacón Fecha Ingreso Tipo de Adquisición Observación Date last seen Total checkouts Price effective from Tipo de Item Estado del Material Fuente de Clasificación Damaged status Withdrawn status
624.15136 A47 1085301 Universidad Católica San Pablo 1 Disponible Disponible Víctor Andrés Belaunde Víctor Andrés Belaunde Segundo piso 10/03/2026 Donación Yaneth, Calderón 20/03/2026   20/03/2026 Libro Bueno Dewey Decimal Classification